Statistics for Control - Zoe Wees - All Lyrics

Click here to take the quiz!

General Stats

  • This quiz has been taken 7 times
  • The average score is 210 of 263

Answer Stats

Answer% Correct
a
100%
again
100%
anymore
100%
(anymore),
100%
can
100%
control
100%
do
100%
don't
100%
Don't
100%
I
100%
if
100%
I'm
100%
lose
100%
me
100%
my
100%
not
100%
nothin'
100%
Nothin'
100%
oh,
100%
oh-oh)
100%
(Oh-oh-oh,
100%
the
100%
to
100%
try
100%
understand
100%
wanna
100%
when
100%
you
100%
air
83%
always
83%
am
83%
and
83%
anxiety
83%
be
83%
been
83%
breath
83%
but
83%
can't
83%
Early
83%
even
83%
Even
83%
express
83%
feel
83%
forever,
83%
get
83%
hold
83%
how
83%
Hurts
83%
hurts,
83%
in
83%
it
83%
it's
83%
know
83%
little
83%
mornin'
83%
nervous
83%
never
83%
space
83%
spin
83%
still
83%
thankful
83%
that
83%
That
83%
then
83%
with
83%
all
67%
bit
67%
‘Cause
67%
'cause
67%
'Cause
67%
constantly,
67%
every
67%
now
67%
remember,
67%
were
67%
breathe
50%
caught
50%
chest)
50%
chest
50%
day
50%
Fightin'
50%
gets
50%
have
50%
off
50%
older
50%
out
50%
out,
50%
past
50%
Spinnin'
50%
Tryin'
50%
you'd
50%
comin',
33%
didn't
33%
hand
33%
holdin'
33%
made
33%
on
33%
shake
33%
Sometimes
33%
think
33%
though
33%
would
33%
wouldn't
33%
home
17%
need
17%
pressin'
17%
(Pressin'
17%
There’s
17%
this
17%
took
17%
without
17%
doubts
0%
grow,
0%
seen
0%
strong
0%
You’ve
0%

Score Distribution

Percentile by Number Answered

Percent of People with Each Score

Your Score History

You have not taken this quiz